Most Popular Beers by Country - Statistics

General Stats
  • This quiz has been taken 279 times
  • The average score is 14 of 20
Answer Stats
Brand Country % Correct
Bud Light United States
98%
Corona Mexico
94%
Guinness Ireland
93%
Carling United Kingdom
88%
Heineken Netherlands
86%
Budweiser Canada
84%
Asahi Japan
83%
Mythos Greece
82%
Victoria Bitter Australia
78%
Kingfisher India
72%
Bajitnka Russia
71%
Snow China
63%
Viking Iceland
63%
Angkor Cambodia
60%
Skol Brazil
53%
Red Stripe Jamaica
52%
Feldschlosschen Switzerland
52%
Windhoek Lager Namibia
49%
Cass South Korea
35%
Red Horse Philippines
20%
No matching quizzes found
Score Distribution
Percent of People with Each Score
Percentile by Number Answered
Your Score History
You have not taken this quiz